000 01741nam a22003134a 4500
001 497
003 BR-IBIA
005 20260129100700.0
008 140909s2013 bl g 000 f por
020 _a9788580411386
040 _bpor
041 1 _apor
_heng
082 0 4 _a813
_bH835d
100 1 _aHouck, Colleen,
_d1969-
_91066
240 0 4 _aTiger's destiny.
245 1 2 _aO destino do tigre/
_cColleen Houck ; [tradução de Raquel Zampil]
260 _aSão Paulo:
_bArqueiro,
_c2013.
300 _a395p. ;
500 _a
520 _aEm sua terceira busca, a jovem Kelsey Hayes e seus tigres precisam vencer desafios incríveis propostos por cinco dragões míticos. O elemento comum é a água, e o cenário de mar aberto obriga Kelsey a enfrentar seus piores temores. Dessa vez, sua missão é encontrar o Colar de Pérolas Negras de Durga e tentar libertar seu amado Ren tanto da maldição do tigre quanto de sua repentina amnésia. No entanto o irmão dele, Kishan, tem outros planos, e os dois competem por sua afeição, além de afastarem aqueles que planejam frustrar seus objetivos. Em A viagem do tigre, terceiro volume da série A maldição do tigre, Kelsey, Ren e Kishan retomam a jornada em direção ao seu verdadeiro destino numa história com muito suspense, criaturas encantadas, corações partidos e ação de primeira. A épica saga dos tigres já foi lançada em 18 países e ocupou os primeiros lugares na lista dos mais vendidos do The New York Times.
650 0 0 _aLiteratura Americana
_984
650 0 0 _aFantasia
_945
650 0 0 _aAventura
_947
650 0 0 _aMagia
_9785
655 _aRomance
_923
655 _aFicção
_922
700 _aZampil, Raquel
_eTRADUTORA
_9898
942 _2ddc
_n0
_cBK
999 _c497
_d497